<?xml version="1.0" encoding="UTF-8"?>
<record
    xmlns:xsi="http://www.w3.org/2001/XMLSchema-instance"
    xsi:schemaLocation="http://www.loc.gov/MARC21/slim http://www.loc.gov/standards/marcxml/schema/MARC21slim.xsd"
    xmlns="http://www.loc.gov/MARC21/slim">

  <leader>00829nam a2200217 a 4500</leader>
  <controlfield tag="001">BRCA_8283</controlfield>
  <controlfield tag="005">20190320210218.0</controlfield>
  <controlfield tag="008">120614s1931----fr-ac##f##---#000-0#fre-#</controlfield>
  <datafield tag="041" ind1=" " ind2=" ">
    <subfield code="a">fre</subfield>
  </datafield>
  <datafield tag="044" ind1=" " ind2=" ">
    <subfield code="a">fr</subfield>
  </datafield>
  <datafield tag="050" ind1=" " ind2="4">
    <subfield code="a">N7124</subfield>
    <subfield code="b">E9 1931</subfield>
  </datafield>
  <datafield tag="245" ind1="1" ind2="0">
    <subfield code="a">Exposition portugaise</subfield>
    <subfield code="b">de l&#xB4;&#xE9;poque des grandes d&#xE9;couvertes jusqu&#xB4;au XXe si&#xE8;cle</subfield>
    <subfield code="c">sousle haut patronage de monsieur le g&#xE9;n&#xE9;ral Carmona, pr&#xE9;sident de la R&#xE8;publique Portugaise ; commisaire g&#xE9;n&#xE9;ral Manuel da Silveira E Castro.</subfield>
  </datafield>
  <datafield tag="260" ind1=" " ind2=" ">
    <subfield code="a">Paris</subfield>
    <subfield code="b">Gauthier-Villars</subfield>
    <subfield code="c">[1931?]</subfield>
  </datafield>
  <datafield tag="300" ind1=" " ind2=" ">
    <subfield code="a">74 p.</subfield>
    <subfield code="b">il., retratos</subfield>
    <subfield code="c">25 cm.</subfield>
  </datafield>
  <datafield tag="500" ind1=" " ind2=" ">
    <subfield code="a">S71</subfield>
  </datafield>
  <datafield tag="650" ind1="1" ind2="4">
    <subfield code="a">Arte portugu&#xE9;s</subfield>
    <subfield code="v">Exhibiciones</subfield>
    <subfield code="9">20689</subfield>
  </datafield>
  <datafield tag="700" ind1="1" ind2=" ">
    <subfield code="a">Carmona, Ant&#xF3;nio &#xD3;scar</subfield>
    <subfield code="c">Presidente de Portugal</subfield>
    <subfield code="9">20690</subfield>
  </datafield>
  <datafield tag="700" ind1="1" ind2=" ">
    <subfield code="a">Silveira E Castro, Manuel da</subfield>
    <subfield code="c">Comisario General</subfield>
    <subfield code="9">20691</subfield>
  </datafield>
  <datafield tag="902" ind1=" " ind2=" ">
    <subfield code="a">GFM</subfield>
  </datafield>
  <datafield tag="942" ind1=" " ind2=" ">
    <subfield code="2">lcc</subfield>
    <subfield code="c">B</subfield>
  </datafield>
  <datafield tag="999" ind1=" " ind2=" ">
    <subfield code="c">7951</subfield>
    <subfield code="d">7951</subfield>
  </datafield>
  <datafield tag="952" ind1=" " ind2=" ">
    <subfield code="0">0</subfield>
    <subfield code="1">0</subfield>
    <subfield code="4">0</subfield>
    <subfield code="7">0</subfield>
    <subfield code="a">BRCA</subfield>
    <subfield code="b">BRCA</subfield>
    <subfield code="d">2014-06-12</subfield>
    <subfield code="i">S71</subfield>
    <subfield code="l">0</subfield>
    <subfield code="o">N7124 E9 1931 (S71)</subfield>
    <subfield code="p">8907</subfield>
    <subfield code="r">2019-03-22 00:00:00</subfield>
    <subfield code="w">2019-03-22</subfield>
    <subfield code="y">B</subfield>
  </datafield>
</record>
